| 000 | 02001cam a22005057a 4500 | ||
|---|---|---|---|
| 001 | 000081168 | ||
| 003 | CHAP | ||
| 005 | 20220817043534.0 | ||
| 008 | 990525d1998 mx a r 00010 spa d | ||
| 010 | _a77944 | ||
| 011 | _a78916 | ||
| 020 | _a9686201416 | ||
| 035 | _a89024 | ||
| 040 | _cCHAP | ||
| 082 | 0 | 4 |
_a551.4 _bS61 |
| 100 | 0 | 0 |
_aSoria Ruiz, Jesús. _9108759 |
| 245 | 1 | 0 |
_aSensores remotos principios y aplicaciones en la evaluación de los recursos naturales experiencias en México / _c/por Jesús Soria Ruiz [y otros]. |
| 260 |
_aChapingo, Méx. : _bSociedad Mexicana de la Ciencia del Suelo, _c1998. |
||
| 300 |
_a93 p. : _bilus. ; gráfs. |
||
| 410 | 2 | _aSociedad Mexicana de la Ciencia del Suelo | |
| 490 | 1 |
_aPublicación especial _v; 7 |
|
| 590 |
_aBATCH-UPD _b10 _c20130110 _lUCH01 _h1252 |
||
| 590 |
_aBATCH-UPD _b10 _c20130410 _lUCH01 _h0814 |
||
| 590 |
_aBATCH-UPD _b10 _c20130914 _lUCH01 _h1659 |
||
| 590 |
_aCONVERSION _b10 _c20130109 _lUCH01 _h1343 |
||
| 590 |
_aE5995AHE _b05 _c20150223 _lUCH01 _h1207 |
||
| 650 | 1 | 4 |
_aSatélites artificiales. _9102699 |
| 650 | 1 | 4 |
_aSensores remotos. _9104427 |
| 650 | 1 | 4 | _aSistemas de Información Geográfica. |
| 700 | 0 |
_aIslas Gutiérrez, Fabián. _960597 |
|
| 700 | 0 |
_aOrtiz Solorio, Carlos Alberto. _984067 |
|
| 700 | 0 |
_aVolke Haller, Víctor. _9120643 |
|
| 810 | 2 | _aSociedad Mexicana de la Ciencia del Suelo | |
| 830 | 0 |
_aPublicación especial _v; 7 _992760 |
|
| 901 | _aBK | ||
| 905 | _aMayto Villalobos S. | ||
| 942 | _cLIBRO | ||
| 942 | _n0 | ||
| 949 |
_a551.4 S61 _bBC _cLIBRO _d33724000723284 _eLIBRO _h95398 _i89024 _si |
||
| 949 |
_a551.4 S61 _bBC _cLIBRO _d33724000729927 _eLIBRO _fc.2 _h95817 _i89024 _si |
||
| 949 |
_a551.4 S61 _bBC _cLIBRO _d33724000730388 _eLIBRO _fc.5 _h95820 _i89024 _si |
||
| 949 |
_a551.4 S61 _bBC _cLIBRO _d33724000730396 _eLIBRO _fc.4 _h95819 _i89024 _si |
||
| 949 |
_a551.4 S61 _bBC _cLIBRO _d33724000730404 _eLIBRO _fc.3 _h95818 _i89024 _si |
||
| 949 |
_a551.4 S61 _bBC _cUACH _d33724000730370 _eUACH _fc.6 _h95821 _i89024 _sb |
||
| 999 |
_c77944 _d77944 |
||